Hành trình về thời đại Hùng Vương dựng nước

সংরক্ষণ করুন:
গ্রন্থ-পঞ্জীর বিবরন
প্রধান লেখক: Lê Văn Hảo
বিন্যাস: গ্রন্থ
ভাষা:Undetermined
প্রকাশিত: Hà Nội Thanh niên 2000
ট্যাগগুলো: ট্যাগ যুক্ত করুন
কোনো ট্যাগ নেই, প্রথমজন হিসাবে ট্যাগ করুন!
Thư viện lưu trữ: Trung tâm Học liệu Trường Đại học Cần Thơ
LEADER 00547nam a2200181Ia 4500
001 CTU_39417
008 210402s9999 xx 000 0 und d
020 |b 24.000đ 
082 |a 959.7001 
082 |b H108/2000 
100 |a Lê Văn Hảo 
245 0 |a Hành trình về thời đại Hùng Vương dựng nước 
245 0 |c Lê Văn Hảo 
260 |a Hà Nội 
260 |b Thanh niên 
260 |c 2000 
904 |i Nguyễn Quang Điền, 001115 
980 |a Trung tâm Học liệu Trường Đại học Cần Thơ